| 000 | 00491nam a22001577a 4500 | ||
|---|---|---|---|
| 008 | 150905b xxu||||| |||| 00| 0 eng d | ||
| 020 | _a9780324587999 | ||
| 050 | _aHF 5718.3 2010 | ||
| 100 |
_aGuffey, Mary E. _d2010 |
||
| 245 |
_aEssentials of Business Communication/ _cMary, GufFey E. |
||
| 260 |
_aUSA: _bSouth-Western, _c2010. |
||
| 300 |
_axxiv,501p. : ill. _bIncludes index. |
||
| 650 | _aCommunication | ||
| 700 | _aLoewy | ||
| 942 |
_2lcc _cBOOKS _hHF 5718.3 .G84 2010 |
||
| 999 |
_c4880 _d4880 |
||